| 000 | 00597nam a22002177a 4500 | ||
|---|---|---|---|
| 003 | OSt | ||
| 005 | 20220107122734.0 | ||
| 008 | 140411b xxu||||| |||| 00| 0 eng d | ||
| 020 | _a9789332502079 | ||
| 040 | _cIIITM-K | ||
| 082 | _a006.76Jo DEX/J | ||
| 100 |
_aDexter, Mark _93908 |
||
| 245 |
_aJoomla programming _cby Mark Dexter; Louis Landry |
||
| 260 |
_aNew Delhi, _bPearson, _c2013. |
||
| 300 | _axxv, 558p. | ||
| 650 |
_aCOMPUTER SCIENCE _93909 |
||
| 650 |
_aWEB APPLICATION DEVELOPMENT _93910 |
||
| 650 |
_aJOOMLA PROGRAMMING _93911 |
||
| 700 |
_aLandry, Louis _93912 |
||
| 942 |
_2ddc _cBK |
||
| 999 |
_c3788 _d3788 |
||